<?xml version="1.0" encoding="UTF-8"?><?xml-stylesheet type="text/xsl" href="static/style.xsl"?><OAI-PMH xmlns="http://www.openarchives.org/OAI/2.0/" xmlns:xsi="http://www.w3.org/2001/XMLSchema-instance" xsi:schemaLocation="http://www.openarchives.org/OAI/2.0/ http://www.openarchives.org/OAI/2.0/OAI-PMH.xsd"><responseDate>2026-06-29T02:42:52Z</responseDate><request verb="GetRecord" identifier="oai:docta.ucm.es:20.500.14352/21615" metadataPrefix="marc">https://docta.ucm.es/rest/oai/request</request><GetRecord><record><header><identifier>oai:docta.ucm.es:20.500.14352/21615</identifier><datestamp>2023-09-13T22:44:53Z</datestamp><setSpec>com_20.500.14352_14</setSpec><setSpec>col_20.500.14352_22</setSpec></header><metadata><record xmlns="http://www.loc.gov/MARC21/slim" xmlns:dcterms="http://purl.org/dc/terms/" xmlns:xsi="http://www.w3.org/2001/XMLSchema-instance" xmlns:doc="http://www.lyncode.com/xoai" xsi:schemaLocation="http://www.loc.gov/MARC21/slim http://www.loc.gov/standards/marcxml/schema/MARC21slim.xsd">
   <leader>00925njm 22002777a 4500</leader>
   <datafield ind2=" " ind1=" " tag="042">
      <subfield code="a">dc</subfield>
   </datafield>
   <datafield ind2=" " ind1=" " tag="720">
      <subfield code="a">Delgado Riaño, Alba</subfield>
      <subfield code="e">author</subfield>
   </datafield>
   <datafield ind2=" " ind1=" " tag="260">
      <subfield code="c">2017-01-13</subfield>
   </datafield>
   <datafield ind2=" " ind1=" " tag="520">
      <subfield code="a">Cada año que pasa desde que se le concediera el premio Nobel en 2009 a Elinor Ostrom por su trabajo en la gobernanza de los bienes comunes sus análisis cobran importancia y más notoriedad. El mundo que nos rodea está cambiando de forma rápida y constante, creando nuevos retos a nivel mundial. Los resultados de las investigaciones de Elinor Ostrom (1933-2012) han levantado expectativas sobre mecanismos alternativos para movernos hacia un entorno político, social, económico y natural renovado y más sostenible. En este trabajo se explora la perspectiva de esta pensadora respecto a cuestiones como la sostenibilidad de los recursos naturales, la organización social o la iniciativa individual dejando a un lado la dicotomía estado-mercado.</subfield>
   </datafield>
   <datafield ind2=" " ind1=" " tag="520">
      <subfield code="a">Since Elinor Ostrom was given the Nobel Prize in 2009 her work on governance and her analysis on common goods has gained increasing notoriety. Our world is constantly changing and facing new challenges on a global scale. The results of Elinor Ostrom’s research have raised hopes towards a more sustainable future in terms of politics, society, economics and environment. In this thesis dissertation the authoŕs perspective will be explored with respect to the sustainability of natural resources, social organization and individual initiative without focusing on the State-Market dichotomy.</subfield>
   </datafield>
   <datafield ind1="8" ind2=" " tag="024">
      <subfield code="a">https://hdl.handle.net/20.500.14352/21615</subfield>
   </datafield>
   <datafield ind2="0" ind1="0" tag="245">
      <subfield code="a">La conciencia de lo común frente a la falsa dicotomía estado-mercado. Análisis de la perspectiva de Elinor Ostrom (1933-2012)</subfield>
   </datafield>
</record></metadata></record></GetRecord></OAI-PMH>